LEADER 01083nam a2200229 i 4500 001 000000067146 003 CaOOAMICUS 005 20040331000000.0 008 040331s1920 be u000 u fre u 013 $a38318 040 $aSeMil$bita 100 1 $aDelehaye, Hippolyte .$0(OLS)http://semarc/name/90863 245 12$aA travers trois siècles l'oeuvre des Bollandistes :$b1615-1915 /$cpar Hippolyte Delehaye. 260 $aBruxelles :$bBureaux de la Société des Bollandistes,$c1920. 300 $a282 p. ;$c20 cm. 490 0 $aSubsidia hagiographica ;$v13.A 650 4$aBruxelles - Société des Bollandistes.$0(OLS)http://semarc/subject/13112 830 0$aSubsidia hagiographica ;$v13.A.$0(OLS)http://semarc/title/570 850 $aSeMil 852 $aSeMil$W1$xVenegono$y1$mSL1.S II 13/A$j33299$B33299$CSeMilBibl$Z2$F33302 $8I 996 $6245$aA travers trois siècles l'oeuvre des Bollandistes :$b1615-1915$9(OLS)http://semarc/title/106969 996 $6260$aBruxelles :$bBureaux de la Société des Bollandistes$9(OLS)http://semarc/publisher/42711 LEADER 01233nam a2200241 i 4500 001 000000231346 003 CaOOAMICUS 005 20140722000000.0 008 140722s1967 it u000 u eng u 013 $a210249 040 $aSeMil$bita 100 1 $aHooker, Morna D.$0(OLS)http://semarc/name/79602 245 14$aThe son of man in Mark :$ba Study of the background of the term "Son of Man" and its use in St Mark's Gospel /$cMorna D. Hooker. 260 $aLondon :$bSPCK,$c1967. 300 $aX, 230 p. ;$c23 cm. 500 $aContiene : Bibliography. 650 4$aBibbia. Nuovo Testamento. Vangelo secondo Marco - Commentari, studi, critica, interpretazioni.$0(OLS)http://semarc/subject/143 650 4$aBibbia. Nuovo Testamento. Vangelo secondo Marco - Gesù.$0(OLS)http://semarc/subject/25588 650 4$aBibbia - NT - Gesù Cristo - Figlio dell'uomo.$0(OLS)http://semarc/subject/41454 850 $aSeMil 852 $aSeMil$W1$xVenegono$y1$m2Z II 123$j181692$B181692$CSeMilBibl$Z2$F192440 $81 996 $6245$aThe son of man in Mark :$ba Study of the background of the term "Son of Man" and its use in St Mark's Gospel$9(OLS)http://semarc/title/330404 996 $6260$aLondon :$bSPCK$9(OLS)http://semarc/publisher/31034